000 00416pab a2200157 454500
008 180718b2006 xxu||||| |||| 00| 0 eng d
100 _aSmith, Graham
245 _aA most enduring problem: policy complaints reform in England and Wales
260 _c2006
300 _ap.121-41.
362 _aJan
650 _aPolice - Great Britain
650 _aPolice
773 _aJournal of Social Policy
909 _a70928
999 _c70928
_d70928